000 00587cam a2200157 4500500
005 20260405002912.0
041 _afre
042 _adc
100 1 0 _aMambrino, Jean
_eauthor
245 0 0 _aCinema
260 _c2002.
500 _a79
520 _aAs Art Deco celebrates its centenary, a number of exhibitions in Paris and the surrounding area reflect on the singularity and influence of this movement.
786 0 _nÉtudes | Volume 396 | 1 | 2002-01-01 | p. 109-115 | 0014-1941
856 4 1 _uhttps://shs.cairn.info/journal-etudes-2002-1-page-109?lang=en&redirect-ssocas=7080
999 _c2062304
_d2062304